| 000 | 00488nam a2200181 a 4500 | ||
|---|---|---|---|
| 001 | 000040801 | ||
| 005 | 20201002034405.0 | ||
| 008 | 130906s2009 sp c 000 0 spa d | ||
| 020 | _a9788478992447 | ||
| 040 |
_aDO-SdBNP _bspa _cBNPHU |
||
| 082 |
_axxxx _bxxxx |
||
| 245 | 0 | 0 | _aPrimeros auxilios básicos. |
| 250 | _a2a. ed. | ||
| 260 |
_aMadrid, : _bCruz roja Española, _c2009. |
||
| 300 |
_a173 p. : _bretr. ; _c21 cm. |
||
| 500 | _a5ta. reimpresión | ||
| 504 | _abibliografía p:165 | ||
| 999 |
_c40291 _d40291 |
||